30 größten Objekte im Sonnensystem - Statistiken

Allgemein
  • Dieses Quiz wurde 422 mal gespielt
    108 seit der letzten Aktualisierung
  • Das Durchschnittsergebnis liegt bei 18 aus 30
Antwortstatistiken
Masse Name % Korrekt
5,972*10²⁴ Erde
100%
1,898*10²⁷ Jupiter
100%
6,417*10²³ Mars
99%
1,989*10³⁰ Sonne
99%
3,301*10²³ Merkur
97%
5,683*10²⁶ Saturn
97%
4,868*10²⁴ Venus
96%
1,024*10²⁶ Neptun
94%
1,303*10²² Pluto
94%
8,681*10²⁵ Uranus
93%
7,346*10²² Mond
85%
4,800*10²² Europa
71%
1,346*10²³ Titan
60%
8,932*10²² Io
58%
1,482*10²³ Ganymed
56%
1,076*10²³ Kallisto
47%
2,14*10²² Triton
43%
1,67*10²² Eris
39%
3,1*10²¹ Makemake
35%
2,31*10²¹ Rhea
35%
3,42*10²¹ Titania
35%
4,01*10²¹ Haumea
32%
1,29*10²¹ Ariel
31%
2,88*10²¹ Oberon
31%
1,586*10²¹ Charon
29%
1,22*10²¹ Umbriel
29%
1,10*10²¹ Dione
28%
1,81*10²¹ Iapetus
25%
1,75*10²¹ Gonggong
22%
1,4*10²¹ Quaoar
15%
Keine übereinstimmenden Quizze gefunden
Verteilung der Resultate
Anzahl Personen mit jedem Resultat
Perzentil nach korrekt beantworteten Fragen
Ihre Resultats-Entwicklung
Sie haben dieses Quiz seit der letzten Aktualisierung nicht gespielt